The port of refuge, or advice and instructions to the master-mariner in situations of doubt, difficulty, and danger, and to others concerned in sea adventure

Spremljeno u:
Bibliografski detalji
Glavni autor: Hopkins, Manley (Autor)
Format: Knjiga
Jezik:engleski
Izdano: Londres Henry S. King 1877
Izdanje:2a. ed
Teme:
Oznake: Dodaj oznaku
Bez oznaka, Budi prvi tko označuje ovaj zapis!

MARC

LEADER 00000nam a2200000 a 4500
001 UCH2446
003 CL-VaPUC
008 090611e18770000UK |||||||||||||||||eng|d
082 0 4 |a 623.881  |b HOP  |2 21 
100 |a Hopkins, Manley  |e author  |9 537265 
245 1 4 |a The port of refuge, or advice and instructions to the master-mariner in situations of doubt, difficulty, and danger, and to others concerned in sea adventure 
250 |a 2a. ed 
300 |a 271 p 
942 |c BK 
945 |d 20090611 00:00:00  |a dcastane 
260 |a Londres  |b Henry S. King  |c 1877 
650 7 |a SEGURIDAD MARITIMA  |2 CL-VaPUC  |9 339685 
650 7 |a TECNICAS DE SEGURIDAD  |2 CL-VaPUC  |9 428494 
650 7 |a EMERGENCIA NAVAL  |2 CL-VaPUC  |9 428496 
650 0 |a Prevención de accidentes   |9 262912 
583 |a last modification  |c 20090611 00:00:00  |k Rodrigo Vera 
999 |c 334186  |d 334184 
952 |0 0  |1 0  |4 0  |6 623_881000000000000_HOP_1877  |7 0  |8 X  |9 423022  |a FDOBUD  |b FDOBUD  |d 2019-11-22  |i 4555732  |o 623.881 HOP 1877  |p 4555732  |r 2019-11-22  |w 2019-11-22  |y BK_X  |k BUD